| 000 | 00574nam a22001937a 4500 | ||
|---|---|---|---|
| 005 | 20210414095332.0 | ||
| 008 | 210311s1972 ||||| |||| 00| 0 eng d | ||
| 040 |
_aeng _cDLC |
||
| 041 | _aeng | ||
| 080 |
_a91 _bB-99 |
||
| 100 |
_91366 _aByrd, Robert |
||
| 245 |
_aLake Chelan in the 1890s _b: 1891 Steamboat Trip to Stehekin on Lake Chelan's First Steamer _c/ by: Robert Byrd |
||
| 260 |
_aStehekin, Washington _bRobert Byrd _c1972 |
||
| 300 |
_a33 p. _bill. |
||
| 365 | _b2.95 usd | ||
| 650 | 0 |
_9490 _aGeography |
|
| 653 | _aგეოგრაფია | ||
| 942 |
_2udc _cBK |
||
| 999 |
_c2131 _d2131 |
||